ბათუმის შოთა რუსთაველის სახელმწიფო უნივერსიტეტის ბიბლიოთეკა

კლდის ვეფხვი (ბიბ.ჩანაწერი № 49036)

000 -LEADER
fixed length control field 00775nam a2200229Ia 4500
001 - CONTROL NUMBER
control field 15942
003 - CONTROL NUMBER IDENTIFIER
control field GE_BSU
008 - FIXED-LENGTH DATA ELEMENTS--GENERAL INFORMATION
fixed length control field 181216s||||||||xx |||||||||||||| ||und||
040 ## - CATALOGING SOURCE
Transcribing agency GE_BSU
080 ## - UNIVERSAL DECIMAL CLASSIFICATION NUMBER
Universal Decimal Classification number 796.525.071.2(479.22)
100 ## - MAIN ENTRY--PERSONAL NAME
Personal name ხერგიანი, მ.
245 ## - TITLE STATEMENT
Title კლდის ვეფხვი
245 ## - TITLE STATEMENT
Remainder of title ქართველი ალპინისტები
245 ## - TITLE STATEMENT
Statement of responsibility, etc. რედ.დ.ციგროშვილი.მხ. ვ. ონიანი
260 ## - PUBLICATION, DISTRIBUTION, ETC.
Place of publication, distribution, etc. თბილისი
260 ## - PUBLICATION, DISTRIBUTION, ETC.
Name of publisher, distributor, etc. საბჭ. საქართველო
260 ## - PUBLICATION, DISTRIBUTION, ETC.
Date of publication, distribution, etc. 1975
300 ## - PHYSICAL DESCRIPTION
Extent 341გვ. ; 21სმ
653 ## - INDEX TERM--UNCONTROLLED
Uncontrolled term კლდის ვეფხვი
653 ## - INDEX TERM--UNCONTROLLED
Uncontrolled term ქართველი ალპინისტები
942 ## - ADDED ENTRY ELEMENTS (KOHA)
Koha item type წიგნი
ეგზემპლარები
Withdrawn status Lost status Damaged status Not for loan Date acquired Barcode Date last seen Price effective from Koha item type
        2018-12-17 39433 2018-12-17 2018-12-17 წიგნი